Centro de encausados del distrito I de la ciudad de Guatemala

Presenta la problemática de la ciudad de Guatema ya que carese de edificios que faciliten el ejercicio de la justicia para tal efecto, se estudio y se definio un plan general para centros de detención, policía y juzgados.

Bibliographic Details
Main Author: Corea y Reyna, Julio René
Other Authors: Tutor: Pinelo Sisniega, Manuel
Format: Tesis Section = Libro
Language:Undetermined
Spanish
Published: Guatemala USAC-G 1973
Subjects:
LEADER 00882nam a2200217Ia 4500
008 240830s9999 xx 000 0 und d
040 |a BIBLIOTECA-RUSB/ Mon 725.67281 C797 
041 |a spa 
082 |a Mon 725.67281 C797 
100 1 |a Corea y Reyna, Julio René 
245 1 0 |a Centro de encausados del distrito I de la ciudad de Guatemala 
260 |a Guatemala  |b USAC-G  |c 1973 
300 |a 69 p. :il. 
502 |a Tesis (Arquitecto) - USAC-G, 1973. 
520 3 |a Presenta la problemática de la ciudad de Guatema ya que carese de edificios que faciliten el ejercicio de la justicia para tal efecto, se estudio y se definio un plan general para centros de detención, policía y juzgados. 
650 7 |a EDIFICIOS DE PRISIONES Y REFORMATORIOS 
650 7 |b  PRISIONES (GUATEMALA) I 
700 1 |a Tutor:  |b Pinelo Sisniega, Manuel 
942 |c BK  |2 ddc 
991 |a TESIS 
999 |c 21285